000 00406pab a2200157 454500
008 180718b2015 xxu||||| |||| 00| 0 eng d
100 _aKanunjna, D.
245 _aExcellence in higher education: Indian paradigm
260 _c2015
300 _ap.113-115,118.
362 _a18 May
650 _aHigher education - India
650 _aHigher education
773 _aUniversity News
909 _a107760
999 _c107755
_d107755